| Tag |
First Indicator |
Second Indicator |
Subfields |
| LEADER |
00000cam a2200000 4500 |
| 001 |
in00000057871 |
| 005 |
20151008050942.0 |
| 008 |
721108s1959 mau b 00000 eng u |
| 010 |
|
|
|a 59015678
|
| 035 |
|
|
|a (OCoLC)00489558
|
| 035 |
|
|
|9 AAG4524AM
|
| 040 |
|
|
|c CSU
|d TXA
|d UtOrBLW
|
| 049 |
|
|
|a TXAM
|c [325143]
|
| 050 |
0 |
0 |
|a HD9579.G45
|b O38
|
| 092 |
|
|
|a 338.476655
|b L438g
|
| 100 |
1 |
|
|a Learned, Edmund P.
|q (Edmund Philip),
|d 1900-1991.
|
| 245 |
1 |
0 |
|a Gasoline pricing in Ohio /
|c [by] Edmund P. Learned with the cooperation of Catherine G. Ellsworth.
|
| 264 |
|
1 |
|a Boston :
|b Division of Research, Graduate School of Business Administration, Harvard University,
|c 1959.
|
| 300 |
|
|
|a xx,258p :
|b illustrations,maps. ;
|c 29cm.
|
| 336 |
|
|
|a text
|b txt
|2 rdacontent
|
| 337 |
|
|
|a unmediated
|b n
|2 rdamedia
|
| 338 |
|
|
|a volume
|b nc
|2 rdacarrier
|
| 650 |
|
0 |
|a Gasoline
|x Prices.
|
| 650 |
|
0 |
|a Petroleum industry and trade
|z Ohio.
|
| 999 |
|
|
|a MARS
|
| 999 |
f |
f |
|s 30aacb8d-0ee5-3a1b-a1da-f886867cc34f
|i 1022a207-681e-3626-a323-366756870ede
|t 0
|
| 952 |
f |
f |
|p ric
|a Texas A&M University
|b Rellis Campus
|c Joint Library Facility
|d Remote Storage
|t 0
|e HD9579.G45 O38
|h Library of Congress classification
|i unmediated -- volume
|m A14800765885
|
| 998 |
f |
f |
|a HD9579.G45 O38
|t 0
|l Remote Storage
|